<?xml version="1.0" encoding="UTF-8"?>
<resp>
  <nextPage>https://data.bn.org.pl/api/networks/bibs.marcxml?marc=001+b00001150000462&amp;sinceId=1150000463</nextPage>
  <collection>
    <record xmlns='http://www.loc.gov/MARC21/slim'><leader>00917namZa2200301ZiZ4500</leader><controlfield tag='001'>b00001150000462</controlfield><controlfield tag='005'>20241203220110.4</controlfield><controlfield tag='008'>230609s        pl           |000 0 pol c</controlfield><controlfield tag='009'>9913262141405606</controlfield><datafield ind1=' ' ind2=' ' tag='020'><subfield code='a'>8320026830</subfield></datafield><datafield ind1=' ' ind2=' ' tag='035'><subfield code='a'>KR_1KR_1_20120317230311065431-48omnis_kr</subfield></datafield><datafield ind1=' ' ind2=' ' tag='035'><subfield code='a'>KR_1_20120317230311065431</subfield><subfield code='9'>ExL</subfield></datafield><datafield ind1=' ' ind2=' ' tag='035'><subfield code='a'>(PL)b00001150000462</subfield></datafield><datafield ind1=' ' ind2=' ' tag='040'><subfield code='a'>KR_1</subfield><subfield code='c'>KR_1</subfield></datafield><datafield ind1='0' ind2=' ' tag='041'><subfield code='a'>pol</subfield></datafield><datafield ind1='1' ind2=' ' tag='100'><subfield code='a'>Rosławski, Adam</subfield></datafield><datafield ind1='1' ind2='0' tag='245'><subfield code='a'>Ćwiczenia lecznicze w chorobach reumatycznych /</subfield><subfield code='c'>Adam Rosławski.</subfield></datafield><datafield ind1=' ' ind2=' ' tag='250'><subfield code='a'>Wyd. 2.</subfield></datafield><datafield ind1=' ' ind2=' ' tag='260'><subfield code='a'>W-wa :</subfield><subfield code='b'>Wydaw. Lekarskie PZWL,</subfield><subfield code='c'>cop. 2002.</subfield></datafield><datafield ind1=' ' ind2=' ' tag='300'><subfield code='a'>85 s. :</subfield><subfield code='b'>ryc. ;</subfield><subfield code='c'>21 cm.</subfield></datafield><datafield ind1='1' ind2=' ' tag='490'><subfield code='a'>Lekarz Radzi</subfield></datafield><datafield ind1=' ' ind2=' ' tag='500'><subfield code='a'>n</subfield></datafield><datafield ind1=' ' ind2=' ' tag='502'><subfield code='a'>Na okł. podtyt.: ruch, sprawność, witalność.</subfield></datafield><datafield ind1=' ' ind2=' ' tag='852'><subfield code='b'>48OMNIS_NETWORK</subfield><subfield code='8'>9913262141405606</subfield></datafield><datafield ind1=' ' ind2=' ' tag='852'><subfield code='b'>48OMNIS_KR</subfield><subfield code='8'>991000004629708216</subfield></datafield><datafield ind1=' ' ind2=' ' tag='920'><subfield code='a'>83-200-2683-0</subfield></datafield></record>
  </collection>
</resp>
